000 00219nam a22000857a 4500
005 20250901165809.0
008 250320b |||||||| |||| 00| 0 eng d
245 _aKINA CHA TAMAA NA HADITHI NYINGINE
_cPEVU FASIHI
942 _2lcc
999 _c9344
_d9344